|
|
|
|
| LEADER |
00000cam a2200000 4500 |
| 001 |
vtls012007612 |
| 003 |
SK-MaSNL |
| 005 |
20260301103842.0 |
| 008 |
210906s2020 xo af br 000 j hun |
| 015 |
|
|
|a SNBA2021/06
|
| 020 |
|
|
|a 9788097375706
|q (viazané)
|
| 035 |
|
|
|a urn:nbn:sk:snk-am00fhda
|
| 035 |
|
|
|a urn:nbn:sk:snk-am3iv7q
|
| 035 |
|
|
|a CC656F39-52BE-4A2C-ACDA-3AAF2EE0FEF2
|
| 040 |
|
|
|a SNK
|b slo
|c SNK
|e rda
|
| 041 |
0 |
|
|a hun
|
| 044 |
|
|
|a xo
|c SK
|
| 072 |
|
7 |
|a 821.511.1
|x Ugrofínske literatúry
|2 konspekt
|
| 072 |
|
7 |
|a 821-93
|x Literatúra pre deti a mládež (beletria)
|2 konspekt
|
| 080 |
|
|
|a 821.511.141
|2 2011
|
| 080 |
|
|
|a 821.511.141-34
|2 2011
|
| 080 |
|
|
|a 82-93-053.4/.5
|2 2011
|
| 100 |
1 |
|
|a Kovács, Barnabás,
|d 1974-
|4 aut
|9 441698
|
| 245 |
1 |
3 |
|a Az erdei karácsony
|c írta Kovács Barnabás ; illusztráció Török Bianka
|
| 250 |
|
|
|a Első kiadás
|
| 264 |
|
1 |
|a [Horná Potôň]
|b Pitypang Kiadó
|c 2020
|
| 300 |
|
|
|a 44 nečíslovaných strán
|b farebné ilustrácie, farebné ilustrované listy
|c 28 cm
|
| 336 |
|
|
|a text
|b txt
|2 rdacontent
|
| 336 |
|
|
|a statický obraz
|b sti
|2 rdacontent
|
| 337 |
|
|
|a bez média
|b n
|2 rdamedia
|
| 338 |
|
|
|a zväzok
|b nc
|2 rdacarrier
|
| 500 |
|
|
|a Miesto vydania podľa NA ISBN
|
| 650 |
0 |
7 |
|a maďarská literatúra
|2 SNKPH
|9 1193
|
| 650 |
0 |
7 |
|a Hungarian literature
|2 SNKPHeng
|9 266362
|
| 655 |
|
7 |
|a maďarské rozprávky
|2 SNKPH
|9 70574
|
| 655 |
|
7 |
|a literatúra pre deti
|2 SNKPH
|9 87135
|
| 655 |
|
7 |
|a Hungarian fairy tales
|2 SNKPHeng
|9 329966
|
| 655 |
|
7 |
|a Children's literature
|2 SNKPHeng
|9 276039
|
| 700 |
1 |
|
|a Török, Bianka,
|d 1991-
|4 ill
|9 197381
|
| 919 |
|
|
|a 978-80-973757-0-6
|
| 958 |
|
|
|a LX
|
| 958 |
|
|
|a HU
|
| 999 |
|
|
|c 696451
|d 698381
|
| 952 |
|
|
|a SNK
|b SNK
|y PREZ
|7 0
|p 17A1451442
|o snkSB 96432
|i snk2021/2663
|8 0
|0 0
|1 0
|4 0
|d 2021-04-08
|f 1
|l 0
|r 2025-05-19 00:00:00
|w 2026-02-23
|
| 952 |
|
|
|a SNK
|b SNK
|y VYP
|7 0
|p 17A1451443
|o snkSB 96432 D1
|i snk2021/2664
|8 0
|0 0
|1 0
|4 0
|d 2021-04-08
|l 0
|r 2026-02-23 20:44:14
|w 2026-02-23
|